Atraktívnosť potenciálu cestovného ruchu Slovenska z hľadiska jeho ponuky pre potenciálnych francúzsky hovoriacich návštevníkov hodnotená na základe prezentačného prístupu

Bibliographic Details
Main Author: Pompurová, Kristína, 1983- (Author)
Format: Article
Language:Slovak
ISSN:0139-8660
Subjects:

MARC

LEADER 00000nab a2200000 a 4500
001 vtls010067705
003 SK-MaSNL
005 20260426085656.0
008 250507c2009 xo qr|p|||||||000 b|slo
015 |a SNBRB2010/02  |2 snkbucl 
035 |a (uuid)5d9c7a0a-dc4f-4ca2-9382-abc06431c344 
035 |a urn:nbn:sk:snk-ab9ps2 
035 |a (urnnbn)urn:nbn:sk:snk:ar-a08o4r 
038 |a SNKBUCL 
040 |a SNKBUCL  |b slo  |c SNKBUCL  |e AACR2 
041 0 |a slo  |b eng 
044 |a xo  |c SK 
080 |a 338.48-44  |x (437.6)  |2 2001 
100 1 |a Pompurová, Kristína,  |d 1983-  |4 aut  |9 255094 
245 1 0 |a Atraktívnosť potenciálu cestovného ruchu Slovenska z hľadiska jeho ponuky pre potenciálnych francúzsky hovoriacich návštevníkov hodnotená na základe prezentačného prístupu  |c Kristína Pompurová 
246 3 1 |a The tourist destination attractiveness for potential french speaking visitors of Slovakia evaluated from presentational approach 
500 |a Tab. 
504 |a Bibliogr. odkazy 
546 |a Súbežný názov angl. ; res. angl. 
650 0 7 |a cestovný ruch  |2 snkbucl  |9 999 
650 0 7 |a cieľové miesto  |2 snkbucl  |9 1475152 
650 0 7 |a atraktívnosť  |2 snkbucl  |9 1475153 
650 0 7 |a francúzsky hovoriace krajiny  |2 snkbucl  |9 1330799 
651 7 |a Slovensko  |2 snkbucl  |9 14231 
773 0 |t Ekonomická revue cestovného ruchu  |g Roč. 42, č. 3-4 (2009), s. 168-178  |x 0139-8660 
850 |a Slovenská národná knižnica 
852 |a Slovenská národná knižnica 
954 |a odborná, vedecká literatúra pôvodná (slovenská)  |2 lita 
958 |a article13 
958 |a OND 
958 |a NB 
958 |a SK 
958 |a EUIPO 
999 |c 2968659  |d 2970589